|
|
|
|
| LEADER |
00000nab#a22000007a#4500 |
| 001 |
arbauad000256 |
| 003 |
AR-BaUAD |
| 005 |
20250711110351.0 |
| 008 |
930527|||||||||###||||||b###|0###a|spa|| |
| 040 |
|
|
|a AR-BaUAD
|c AR-BaUAD
|b spa
|
| 245 |
1 |
0 |
|a Le guide du spectateur
|
| 500 |
|
|
|a Incluye notas críticas sobre: Apur Sansar / de Satyajit Ray; Ivanovo Dietstvo / de Andrei Tarkovski; I sequestrati di Altona / de Vittorio de Sica; Chateau en Suède / de Roger Vadim; Chair de poule / de Julien Duvivier; Tom Jones / de Tony Richardson.
|
| 653 |
|
|
|a CINE
|
| 653 |
|
|
|a CRITICAS
|
| 653 |
|
|
|a LINDER, MAX
|
| 653 |
|
|
|a SENNET, MACK
|
| 653 |
|
|
|a PRODUCTORES DE CINE
|
| 653 |
|
|
|a DIRECTORES DE CINE
|
| 653 |
|
|
|a HISTORIA
|
| 653 |
|
|
|a ESTADOS UNIDOS
|
| 653 |
|
|
|a LARGOMETRAJES
|
| 773 |
0 |
|
|t CINEMA 64
|g no. 82 [ene. 1964], p. 92-114
|
| 942 |
|
|
|c ARTI
|
| 952 |
|
|
|0 0
|1 0
|4 0
|7 0
|9 45177
|a AR-BAuAD
|b AR-BAuAD
|d 2025-07-11
|l 0
|p AAQA000256
|r 2025-07-11 11:03:51
|w 2025-07-11
|y ARTI
|
| 990 |
|
|
|a C196
|b TD
|
| 998 |
|
|
|a AAQ
|b BIBUN76
|
| 999 |
|
|
|c 24850
|d 24850
|